00697cam a22002291 4500001001300000003000400013005001700017008004100034010001700075035001900092040001700111042001200128050002100140100003800161245009000199260004600289300003100335502003700366500001000403700003700413999001700450g 01000108 DLC20260227111250.0790614s1898 gw 000 0 fro  ag 01000108  a(OCoLC)5068639 aDLCcLUdDLC apremarc00aPQ1516b.R6 18980 aRobert la Chievre,d13th century.14aDie Lieder des Dichters Robert de Rains, genannt La Chievre ...cvon Wilhelm Mann ... aHalle a. S.,bDruck von E. Karras,c1898. a4 p. l., 38 (2) p.c23 cm. aInaug.--Diss.--Halle-Wittenberg. aVita.1 aMann, Wilhelm,d1874- ,eed. c23398d23398